00914nam a2200229 a 450000100100000000500170001000800410002704000250006804100380009308200150013110000300014624000580017624501280023426000440036230000260040650000410043250400730047353400790054670000330062504900090065899900170066700002643820200930030225.0110317s1971 mx r 000 0 spa d aDO-SdBNPbspacBNPHU17aspaheng2Código de idioma MARC axxxbV478t1 aVerbit, Gilbert P.95348910aTrade agreements for developing countries.lInglés:10aTécnicas en los convenios comerciales para países en desarrollo /cGilbert P. Verbit ; traducción de Martín Esteve. aMéxico, D. F. :bLimusa Wiley,c1971. a255, [1] p. ;c22 cm. aIncluye datos del autor en la solapa aIncluye referencias bibliográficas y notas al pie de las páginas aTítulo original en Inglés:bTrade agreements for developing countries.1 aEsteve, Martínetr.949101 aBNGR c25930d25930